Normal view
MARC view
- تأليف العجمي،فالح شبيب
Entry Personal Name
001 - CONTROL NUMBER
- control field: 21114
003 - CONTROL NUMBER IDENTIFIER
- control field: JO-AjAnu
005 - DATE AND TIME OF LATEST TRANSACTION
- control field: 20230606073649.0
008 - FIXED-LENGTH DATA ELEMENTS
- fixed length control field: 230606|| aca||aabn | a|a d
040 ## - CATALOGING SOURCE
- Original cataloging agency: JO-AjAnu
- Transcribing agency: JO-AjAnu
100 ## - HEADING--PERSONAL NAME
- Personal name: تأليف العجمي،فالح شبيب
670 ## - SOURCE DATA FOUND
- Source citation: Work cat.: (JO-AjAnu)10849: تأليف العجمي،فالح شبيب, author, صحف إبراهيم: جذور البراهيمية من خلال نصوص الفيدا ومقارنتها بالتطبيقات والروايات التاريخية